000 00733nam a2200253Ia 4500
001 dia_1757
003 CHAP
005 20251023161005.0
008 220117s1983 xx 000 0 und d
010 _a172296
040 _cCHAP
082 _a630.973 B8Y
100 _aBurbach, Roger
_916097
245 _aLas Agroindustrias Trasnacionales: Estados Unidos y America Latina. /
_c por Roger Burbach
260 _aMéxico :
_b ERA,
_c1983
300 _a337 p
500 _aC/e
650 _aAgricultura aspectos económicos.
650 _aAgricultura
_xinvestigación
_xE.U.
_9151513
901 _a630.973 B8Y
902 _aM
905 _a0000001983 MEXX 0000000000ESP00
942 _cLIBRO
_2ddc
999 _c172296
_d172296